000 01091cam a22002771i 4500
003 SA-RiAUC
005 20250118125045.0
008 250104s1983 su g 00010 ara c
040 _aSA-JeALM
_bara
_cSA-RiAUC
_erda
050 4 _bZ34 1983
082 0 4 _a814.02
_qSA-RiAUC
090 _a814.02
_b ظ ا هـ
100 1 _aالظاهري، أبو عبد الرحمن بن عقيل،
_d1357 هجري-
_eمؤلف.
245 1 0 _aهكذا علمني ورد زورث /
_cأبو عبد الرحمن بن عقيل الظاهري.
250 _aالطبعة الأولى.
264 1 _aجدة، السعودية :
_bتهامة،
_c1983
300 _a344 صفحة ؛
_c24 سم.
336 _aنص
_btxt
_2rdacontent
_3كتاب
337 _aبدون وسيط
_bn
_2rdamedia
338 _aمجلد
_bnc
_2rdacarrier
490 1 _aالكتاب العربي السعودي ؛
_v99
650 7 _aالمقامات العربية
_zالسعودية
_2aucsh
830 2 _aالكتاب العربي السعودي
_v99
942 _2ddc
_cBOOK
_n0
949 _aSA-JeALM
_d250104
_umohamedma123
_n1
999 _c4925
_d4925